000 00904nam a22002297a 4500
008 240706b mp ||||| |||| 00| 0 mon d
020 _a978-99929-0-223-Х
035 _a1729
040 _aBH0164090
_bmon
_cMN-UlNLM
_dMN-UlNLM
_erda
041 _amon
042 _a50498
084 _2NNA
_a84 /5Англ/
_bЧ.205
100 _aЧандар К.
245 0 _aМянган эрийн сэтгэл булаасан бүсгүй
264 _aУлаанбаатар
_bАДМОН
_c2009
300 _a147х.
336 _2rdacontent
_atext
_btxt
337 _2rdamedia
_aunmediated
_bn
338 _2rdacarrier
_avolume
_bnc
650 _aГоо үзэсгэлэнтэй хэдий ч ядуу гуйлгачин цыган бүсгүй Лачигийн хайр сэтгэл, эмгэнэлт хувь тавилангийн тухай өгүүлнэ Лачигийн хай...
942 _2NNA
_cBK
999 _c1101455
_d1101512